[Event "Waterkloof Robbertse Memorial"]
[Site "Waterkloof"]
[Date "2015.02.01"]
[Round "6"]
[White "Meintjes, Jacques C"]
[Black "Khanyile, Wanda"]
[Result "0-1"]
[WhiteElo "1971"]
[BlackElo "1745"]
[PlyCount "96"]
[EventDate "2015.01.29"]
[EventType "swiss"]
[EventRounds "6"]
[EventCountry "RSA"]
[SourceTitle "CBM 164 Extra"]
[Source "ChessBase"]
[SourceDate "2015.03.02"]
[SourceVersion "1"]
[SourceVersionDate "2015.03.02"]
[SourceQuality "1"]

1. e4 e6 2. Nf3 d5 3. Nc3 Nf6 4. e5 Nfd7 5. d4 c5 6. dxc5 Bxc5 7. Bd3 Nc6 8. Bf4 Qc7 9. Qe2 a6 10. 0-0 Nd4 11. Nxd4 Bxd4 12. Rfe1 Nc5 13. Nxd5 exd5 14. e6 Qd8 15. exf7+ Kxf7 16. Qh5+ g6 17. Qf3 Kg7 18. Bh6+ Kxh6 19. Qf4+ Qg5 20. Qxd4 Nxd3 21. h4 Qf4 22. Qxd3 Bf5 23. Qxd5 Rad8 24. Qxb7 Rd2 25. Qb6 Bxc2 26. g3 Qd4 27. Qxd4 Rxd4 28. Rac1 Rd2 29. Re7 Rf8 30. f4 Kh5 31. Rc7 Bf5 32. Rxh7+ Kg4 33. h5 Kxg3 34. hxg6 Rg2+ 35. Kf1 Bd3+ 36. Ke1 Rxf4 37. Rh1 Bxg6 38. Rc3+ Kg4 39. a3 Rf6 40. Rc4+ Kg5 41. Rc5+ Bf5 42. b4 Kg6 43. Rf1 Re6+ 44. Kd1 Bg4+ 45. Kc1 Re3 46. Rc6+ Kg5 47. Rxa6 Rc3+ 48. Kb1 Bf5+ 0-1